Statistics for European Flags With Hints

Click here to take the quiz!

General Stats

  • This quiz has been taken 28 times
  • The average score is 36 of 45

Answers on the Map

Answers color-coded by a green-red scale on the quiz's map according to % correct below.
 

Answer Stats

Color(s)Location In EuropeAnswer% Correct
Blue, Black, WhiteBalticsEstonia
100%
Maroon, WhiteBalticsLatvia
95%
Yellow, Green, RedBalticsLithuania
95%
Black, Yellow, RedBeneluxBelgium
91%
Red, WhiteNordicsDenmark
91%
Blue, WhiteNordicsFinland
91%
Blue, Red, WhiteNordicsIceland
91%
Orange, White, GreenBritish IslesIreland
91%
Sky Blue, Red, WhiteBeneluxLuxembourg
91%
Blue, Red, WhiteBeneluxNetherlands
91%
Red, Blue, WhiteNordicsNorway
91%
Blue, YellowNordicsSweden
91%
Blue, Red, WhiteBritish IslesUnited Kingdom
91%
Red, BlackThe BalkansAlbania
86%
Blue, WhiteThe BalkansGreece
86%
Red, White, Grey BlackIsland In Mediterranean SeaMalta
86%
Blue, YellowEastern EuropeUkraine
86%
Red, Yellow, Blue, Tan, WhiteIberiaAndorra
82%
Yellow, Red, BlackWestern EuropeGermany
82%
Green, White, RedVisegradHungary
82%
Red, YellowThe BalkansNorth Macedonia
82%
Red, WhiteVisegradPoland
82%
Yellow, Red, Green, Blue, WhiteIberiaPortugal
82%
Red, Blue, Yellow, Tan, Green, PinkIberiaSpain
82%
Blue, Yellow, WhiteThe BalkansBosnia and Herzegovina
77%
Red, White, Blue, Yellow, BlackThe BalkansCroatia
77%
Red, White, BlueVisegradCzechia
77%
Red, Green, WhiteWestern EuropeItaly
77%
Red, WhiteWestern EuropeMonaco
77%
Blue, Yellow, RedEastern EuropeRomania
77%
Red, White, BlueEastern EuropeRussia
77%
Red, Blue, WhiteVisegradSlovakia
77%
Red, WhiteWestern EuropeAustria
73%
Red, Green, WhiteEastern EuropeBelarus
73%
White, Green, RedThe BalkansBulgaria
73%
Blue, Red, WhiteWestern EuropeFrance
73%
Blue, Yellow, WhiteThe BalkansKosovo
73%
Blue, Yellow, Red, Green, TanEastern EuropeMoldova
73%
Red, Green, Blue, YellowThe BalkansMontenegro
68%
White, Red, Blue, Yellow, BlackThe BalkansSerbia
68%
Red, White, Blue, YellowThe BalkansSlovenia
68%
Yellow, White, Grey, RedWestern EuropeVatican City
68%
Blue, Green, Grey, Black, Yellow, WhiteWestern EuropeSan Marino
64%
Red, WhiteWestern EuropeSwitzerland
64%
Red, Blue, Black, YellowWestern EuropeLiechtenstein
59%

Score Distribution

Percentile by Number Answered

Percent of People with Each Score

Your Score History

You have not taken this quiz